Premiers of British Columbia - Statistics

General Stats
  • This quiz has been taken 19 times
  • The average score is 20 of 36
Answer Stats
Term Political Party Premier % Correct
1975 - 1986 Social Credit Party Bill Bennett
100%
2011 - 2017 Liberal Party Christy Clark
100%
1996 - 1999 New Democratic Party Glen Clark
100%
2001 - 2011 Liberal Party Gordon Campbell
100%
1952 - 1972 Social Credit Party W. A. C. Bennett
100%
1986 - 1991 Social Credit Party Bill Vander Zalm
93%
2017 - Present New Democratic Party John Horgan
93%
1991 - 1996 New Democratic Party Mike Harcourt
86%
2000 - 2001 New Democratic Party Ujjal Dosanjh
86%
1999 - 2000 New Democratic Party Dan Miller
79%
1972 - 1975 New Democratic Party Dave Barrett
71%
1947 - 1952 Liberal Party Boss Johnson
64%
1991 Social Credit Party Rita Johnston
64%
1933 - 1941 Liberal Party Thomas Dufferin Pattullo
64%
1872 - 1874 Non-partisan Amor De Cosmos
57%
1941 - 1947 Liberal Party John Hart
50%
1918 - 1927 Liberal Party John Oliver
50%
1903 - 1915 Conservative Party Richard McBride
50%
1887 - 1889 Non-partisan Alexander Edmund Batson Davie
43%
1902 - 1903 Non-partisan Edward Gawler Prior
43%
1900 - 1902 Non-partisan James Dunsmuir
43%
1871 - 1872 Non-partisan John Foster McCreight
43%
1889 - 1892 Non-partisan John Robson
43%
1928 - 1933 Conservative Party Simon Fraser Tolmie
43%
1892 - 1895 Non-partisan Theodore Davie
43%
1883 - 1887 Non-partisan William Smithe
43%
1898 - 1900 Non-partisan Charles Augustus Semlin
36%
1916 - 1918 Liberal Party Harlan Carey Brewster
36%
1927 - 1928 Liberal Party John Duncan MacLean
36%
1878 - 1882 Non-partisan George Anthony Walkem
29%
1874 - 1876 Non-partisan George Anthony Walkem
29%
1895 - 1898 Non-partisan John Herbert Turner
29%
1915 - 1916 Conservative Party William John Bowser
21%
1876 - 1878 Non-partisan Andrew Charles Elliott
14%
1882 - 1883 Non-partisan Robert Beaven
14%
1900 Non-partisan Joseph Martin
7%
No matching quizzes found
Score Distribution
Percent of People with Each Score
Percentile by Number Answered
Your Score History
You have not taken this quiz